Datum a čas kvízu
42.5
Celkem bodů
Celkový počet nahraných bodů na tomto kvízu bez doplňovacích otázek.
1.
Pořadí na kvízu
Konečné umístění týmu na tomto kvízu.
Zaznamenané odpovědi
| # | Otázka | Odpověď | Body | Výsledky |
|---|---|---|---|---|
| 1. | V pátek bylo překlenuto Labe p... | Pardubice | 0 | |
| 2. | Ve středu večer způsobil jeden... | D) tráva | 1 | |
| 3. | Který známý youtuber minulý tý... | MrBeast | 1 | |
| 4. | Čínské úřady tento týden přist... | A) hadů | 1 | |
| 5. | Tento 24letý český basketbalis... | Vít Krejčí | 1 | |
| 6. | Ve kterých dvou variantách se... | C | 1 | |
| 7. | Ze kterého prostředí pochází k... | A | 1 | |
| 8. | Kterým jedenáctipísmenným slov... | hipoterapie | 1 | |
| 9. | Jak se říká nástroji, jenž jak... | udidlo | 0 | |
| 10. | Koně jsou s člověkem spojení j... | Moravskoslezský kraj | 1 |